Statistics for Countries With The Most Italian People

Click here to take the quiz!

General Stats

  • This quiz has been taken 54 times
  • The average score is 24 of 30

Answer Stats

ItaliansCountry% Correct
17,0 milUnited States
100%
4,0 milFrance
98%
257,000Spain
98%
500,000United Kingdom
96%
25,8 milArgentina
94%
32,0 milBrazil
94%
1,4 milCanada
94%
1,2 milGermany
94%
59,1 milItaly
92%
850,000Mexico
92%
1,0 milAustralia
88%
2,0 milColombia
88%
53,000Portugal
88%
720,000Chile
85%
530,000Switzerland
83%
5,5 milVenezuela
81%
490,000Austria
79%
1,2 milPeru
79%
2,6 milUruguay
79%
670,000Paraguay
73%
430,000Belgium
71%
19,000Sweden
67%
380,000Costa Rica
65%
21,000Panama
63%
34,300Croatia
60%
130,000Guatemala
60%
210,000El Salvador
56%
300,000Dominican Republic
54%
77,400South Africa
50%
75,000Libya
44%

Score Distribution

Percentile by Number Answered

Percent of People with Each Score

Your Score History

You have not taken this quiz